000 00593nam a2200229Ia 4500
003 OSt
005 20221006164546.0
006 a|||||r|||| 00| 0
007 ta
008 221006b |||||||| |||| 00| 0 hin d
024 _a4,039
037 _cTextual
040 _aFML
_cFML
_bhin
041 _2hin
_ahin
082 _aV2 ' J, P9
100 _aGarg Damodar Lal Au.
_9677772
245 0 _aHumayoo Nama
260 _aJaipur
_bAravali Prakashan India
_c2009
300 _a365
_ccm.
942 _hV2 ' J, P9
_cTEXL
_2CC
999 _c1117658
_d1117658